|
|
|
|
| LEADER |
00000nab a2200000 a 4500 |
| 001 |
vtls008414400 |
| 003 |
SK-MaSNL |
| 005 |
20260304145645.0 |
| 008 |
250505c2005 xo 0 slo |
| 015 |
|
|
|a SNBCL2005/5
|
| 035 |
|
|
|a SLK035807
|
| 035 |
|
|
|a urn:nbn:sk:snk-ab6y7l
|
| 035 |
|
|
|a (uuid)10300d9e-eb15-4c01-bca6-9ba5368ac21e
|
| 035 |
|
|
|a (urnnbn)urn:nbn:sk:snk:ar-a068ud
|
| 035 |
|
|
|a (sysno)vtls008414400
|
| 040 |
|
|
|a SNKBUCL
|b slo
|c SNKBUCL
|e AACR2
|
| 041 |
0 |
|
|a slo
|b eng
|b slo
|
| 044 |
|
|
|a xo
|c SK
|
| 080 |
|
|
|a 616.14-08:615.477.58
|2 1981
|
| 100 |
1 |
|
|a Dršková, Irena
|u Oddelenie cievnej chirurgie FNsP, Bratislava - Petržalka
|4 aut
|9 1066837
|
| 245 |
1 |
0 |
|a Kompresívna terapia pri chronickej žilovej insuficiencii
|c Irena Dršková, Zuzana Haramiaová, Tibor Molčan
|
| 246 |
1 |
0 |
|a Compressive therapy in chronic venous insuficiency
|
| 246 |
1 |
1 |
|a Compressive therapy in chronic venous insuficiency
|
| 300 |
|
|
|b Obr., tab.
|
| 504 |
|
|
|a Res. angl., slov.
|
| 504 |
|
|
|a Bibliogr. odkazy
|
| 650 |
0 |
7 |
|a insuficiencia venózna
|x terapia
|2 MESH
|9 858567
|
| 650 |
0 |
7 |
|a symptómy
|2 MESH
|9 73522
|
| 650 |
0 |
7 |
|a terapeutika
|2 MESH
|9 21659
|
| 650 |
0 |
7 |
|a obväzy
|2 MESH
|9 20998
|
| 700 |
1 |
|
|a Haramiaová, Zuzana
|4 aut
|9 1066838
|
| 700 |
1 |
|
|a Molčan, Tibor
|4 aut
|9 11806
|
| 773 |
0 |
|
|t Via practica
|g Roč. 2, č. 9 (2005), s. 351-353
|x 1336-4790
|
| 850 |
|
|
|a Slovenská národná knižnica
|
| 852 |
|
|
|a Slovenská národná knižnica
|
| 954 |
|
|
|a odborná, vedecká literatúra pôvodná (slovenská)
|2 lita
|
| 958 |
|
|
|a article27
|
| 958 |
|
|
|a OND
|
| 958 |
|
|
|a EUIPO
|
| 999 |
|
|
|c 2936321
|d 2938251
|